000 00338nam a2200145Ia 4500
005 20251222144851.0
008 251222s9999||||xx |||||||||||||| ||spa||
020 _a987-591-019-8
082 _a001.42/Y94
100 _aYuni, José Alberto
245 0 _aTécnicas para Investigar
250 _a2a.ed.
264 _bBrujas
942 _cLIB
999 _c21621
_d21621